000 00370nam a22001457a 4500
082 _a343.410 67 HEP
100 _aHepker,Z.M.
245 _aTax Strategy For Companies
260 _aLondon
_bOyez Publishing
_c1975
300 _axx,190p.
_bill,;21cm
500 _aincludes;glossary, index
650 _aTax Strategy For Companies
700 _aLl.B.,Ll.M.
942 _cBK
999 _c17876
_d17876